ბათუმის შოთა რუსთაველის სახელმწიფო უნივერსიტეტის ბიბლიოთეკა

ფინანსური აღრიცხვა. ბუღალტერული აღრივხვის საერთაშორისო სტანდარტების სტანდარტების მხედვით : (ბიბ.ჩანაწერი № 35842)

000 -ლიდერი
ფიქსირებული სიგრძის საკონტროლო ველი 01345nam a2200241Ia 4500
001 - საკონტროლო ნომერი
საკონტროლო ველი 1733
003 - საკონტროლო ნომრის იდენტიფიკატორი
საკონტროლო ველი GE_BSU
005 - ბოლო ოპერაციის თარიღი და დრო
საკონტროლო ველი 20221227152526.0
008 - ფიქსირებული სიგრძის მონაცემთა ელემენტები - ზოგადი ინფორმაცია
ფიქსირებული სიგრძის საკონტროლო ველი 181216s2000||||ge |||||||||||||| ||geo||
020 ## - წიგნის საერთაშორისო სტანდარტული ნომერი
International Standard Book Number 9992882816
040 ## - კატალოგიზაციის წყარო
Transcribing agency GE_BSU
041 ## - ენის კოდი
Language code of text/sound track or separate title geo
080 ## - უნივერსალური ათობითი კლასიფიკაციის ინდექსი
Universal Decimal Classification number 657(075.8) ძ–34
100 ## - მთავარი ჩანაწერი - პიროვნების სახელი
Personal name ძაძამიამ, რევაზ
9 (RLIN) 16603
245 ## - ცნობა სათაურის შესახებ
Title ფინანსური აღრიცხვა. ბუღალტერული აღრივხვის საერთაშორისო სტანდარტების სტანდარტების მხედვით :
Remainder of title დამხმარე სიხელმძღვანელო /
Statement of responsibility, etc რევაზ ძაძამია; რედ, ლავრენტი ჭუმბურიძე, მარინა გეთია.
264 ## - წარმოების, გამოცემის, დისტრიბუციის და სხვა ცნობები
გამოცემის, წარმოების, დისტრიბუციის... ადგილი თბილისი :
გამოცემის, წარმოების, დისტრიბუციის... სახელწოდება სამართლიანი საქართველო,
გამოცემის, წარმოების, დისტრიბუციის... თარიღი 2000.
300 ## - ფიზიკური აღწერა
Extent 460 გვ.;
Other physical details 19 სმ.
653 ## - INDEX TERM--UNCONTROLLED
Uncontrolled term ბუღალტერული აღრიცხვა
653 ## - INDEX TERM--UNCONTROLLED
Uncontrolled term ფინანსური აღრიცხვა
700 ## - ADDED ENTRY--PERSONAL NAME
Personal name ჭუმბურიძე, ლავრენტი
Relator term რედაქტორი
9 (RLIN) 16604
700 ## - ADDED ENTRY--PERSONAL NAME
Personal name გეთია, მარინა
Relator term რედაქტორი
9 (RLIN) 16605
942 ## - ADDED ENTRY ELEMENTS (KOHA)
Koha item type წიგნი
Source of classification or shelving scheme
ეგზემპლარები
ჩამოწერის სტატუსი დაკარგული ეგზემპლარის სტატუსი კლასიფიკაციის წყარო ან თაროზე გაწყობის სქემა დაზიანების სტატუსი არ გაიცემა მუდმივი მდებარეობა (დაცვის ადგილი) ამჟამინდელი ადგილსამყოფელი თაროზე განთავსების ადგილი შეძენის თარიღი ღირებულება, შესყიდვის ნორმალური ფასი სრული შენახვის შიფრი შტრიხკოდი ბოლო ოპერაციის თარიღი ეგზემპლარის მიმდევრობითი ნომერი (კეტერი?) ფასის ძალაში შესვლის თარიღი ეგზემპლარის სახეობა საჯარო შენიშვნა
          ბათუმის შოთა რუსთაველის სახელმწიფო უნივერსიტეტის მთავარი ბიბლიოთეკა ბათუმის შოთა რუსთაველის სახელმწიფო უნივერსიტეტის მთავარი ბიბლიოთეკა წიგნსაცავი 2018-12-17 12.00 657(075.8) ძ–34 3520 2018-12-17 3520 2018-12-17 წიგნი 12 ლ.